| Поле | Инд. | ПП | Название | Значение |
|---|---|---|---|---|
| Тип записи | a | |||
| Библиографический уровень | b | |||
| 001 | Контрольный номер | 3c62231497b04a40942cea26779eaa36 | ||
| 005 | Дата корректировки | 20210823103647.6 | ||
| 040 | a | Служба первич. каталог. | Scopus | |
| 041 | 0_ | a | Код языка текста | rus |
| 097 | a | Костяева О.Г. | ||
| 100 | 1_ | q | Полное имя | Хозяинов Михаил Самойлович |
| g | Прочие сведения | РИНЦ AuthorID: 656336 (http://elibrary.ru/author_items.asp?authorid=656336) | ||
| a | Автор | Khozyainov M. S. | ||
| u | Дополнение | Хозяинов М. С. | ||
| c | Титул (звания) | профессор; доктор технических наук | ||
| i | 000091364 | |||
| k | Кафедра управления проектами; Факультет экономики и управления | |||
| j | Принадлежность неизвестного автора к последователям, ученикам, сторонникам, школе и т. д. | государственный университет "Дубна" | ||
| 100 | 1_ | a | Автор | Chernokozhev D. A. |
| c | Титул (звания) | кандидат технических наук | ||
| i | 000091210 | |||
| j | Принадлежность неизвестного автора к последователям, ученикам, сторонникам, школе и т. д. | государственный университет "Дубна" | ||
| k | Кафедра общей и прикладной геофизики; Факультет естественных и инженерных наук | |||
| q | Полное имя | Чернокожев Дмитрий Александрович | ||
| u | Дополнение | Чернокожев Д. А. | ||
| 100 | 1_ | a | Автор | Kuznetsov M. I. |
| j | Принадлежность неизвестного автора к последователям, ученикам, сторонникам, школе и т. д. | государственный университет "Дубна" | ||
| 100 | 1_ | a | Автор | Kuznetsova K. I. |
| j | Принадлежность неизвестного автора к последователям, ученикам, сторонникам, школе и т. д. | государственный университет "Дубна" | ||
| 245 | 10 | a | Заглавие | Evaluating the effectiveness of leveling of injectivity profile on the results of indicator research |
| 773 | 18 | t | Название источника | Нефтяное хозяйство |
| b | Сведения об издании | Закрытое акционерное общество "Издательство "Нефтяное хозяйство" | ||
| c | Москва | |||
| d | Место и дата издания | 2016 | ||
| m | Специф. данные | входит в Scopus; входит в ядро РИНЦ; журнал из перечня ВАК; ненулевой импакт-фактор; входит в базу данных RSCI; | ||
| o | Прочие индексы | scopus 0.31; РИНЦ - 0.501 | ||
| x | ISSN | 0028-2448; 0028-2448 (онлайн версия) | ||
| w | Контрольный № источника | a5e8f5f06da546499ec6fb9262d6e7f1 | ||
| 901 | t | Тип документа | b | |
| 952 | c | Вид литературы | статья в журнале |